000 00314 a2200145 4500
001 170757
020 _a
040 _cMagnum
100 _aLalana, Fernando
240 1 0 _aUn principe algo rarito
_lESP
245 1 0 _aUn principe algo rarito
362 0 _a1899
697 _aLITERATURA ESTRANGEIRA
942 _cBK
999 _c170757
_d170757